A treatise on the law of dilapidations and nuisances (Record no. 104272)

MARC details
000 -LEADER
fixed length control field 00575cam a22001935a 4500
001 - CONTROL NUMBER
control field L129736
008 - FIXED-LENGTH DATA ELEMENTS--GENERAL INFORMATION
fixed length control field 050516s1849 xxk 000 0 eng u
035 ## - SYSTEM CONTROL NUMBER
System control number (Sirsi) u129736
041 ## - LANGUAGE CODE
Language code of text/sound track or separate title eng
100 ## - MAIN ENTRY--PERSONAL NAME
Personal name Gibbons, David
Dates associated with a name 1811-1876
245 02 - TITLE STATEMENT
Title A treatise on the law of dilapidations and nuisances
250 ## - EDITION STATEMENT
Edition statement 2nd ed., with considerable additions
260 ## - PUBLICATION, DISTRIBUTION, ETC.
Place of publication, distribution, etc. London
Name of publisher, distributor, etc. John Weale
Date of publication, distribution, etc. 1849
300 ## - PHYSICAL DESCRIPTION
Extent xl, 424p.
Dimensions 24cm.
583 ## - ACTION NOTE
Action Condition reviewed
Time/date of action 20120620
Status condition level 4
651 #4 - SUBJECT ADDED ENTRY--GEOGRAPHIC NAME
Geographic name Great Britain
Chronological subdivision 1707-
690 ## - LOCAL SUBJECT ADDED ENTRY--TOPICAL TERM (OCLC, RLIN)
Topical term or geographic name as entry element Dilapidations
9 (RLIN) 6235
942 ## - ADDED ENTRY ELEMENTS (KOHA)
Suppress in OPAC 0
Holdings
Withdrawn status Lost status Source of classification or shelving scheme Damaged status Not for loan Home library Current library Shelving location Date acquired Total Checkouts Full call number Barcode Date last seen Copy number Price effective from Koha item type
    Dewey Decimal Classification     London London Historic collection 16/05/2005   QUARTO 1849 GIBBONS 30077963 06/08/2019 2 06/08/2019 Book